| 000 | 00525nam a22001817a 4500 | ||
|---|---|---|---|
| 999 |
_c9313 _d9313 |
||
| 008 | 210403b ||||| |||| 00| 0 eng d | ||
| 040 | _aBMS College of Architecture | ||
| 100 | _aS, L, Shilpa | ||
| 245 | _aDussehra exhibition complex Mysore | ||
| 300 | _aNA | ||
| 500 | _a1BM99AT032 | ||
| 502 |
_8B.Arch _NBMS College of Architecture, Visvesvaraya Technological University _aProject report _d2005 |
||
| 650 | _aDussehra | ||
| 650 | _aMysore | ||
| 700 |
_aSatish Rao _eGuide |
||
| 700 |
_aJaism _eGuide |
||
| 942 |
_2ddc _cTHE |
||